[Event "San Borja Nombre de Jesus II"]
[Site "San Borja"]
[Date "2015.06.20"]
[Round "8"]
[White "Tacuche, Fernando"]
[Black "Flores Tomasto, Luis"]
[Result "1-0"]
[WhiteElo "2023"]
[BlackElo "1511"]
[PlyCount "77"]
[EventDate "2015.06.12"]
[EventType "swiss"]
[EventRounds "7"]
[EventCountry "PER"]
[SourceTitle "EXT 2024"]
[Source "ChessBase"]
[SourceDate "2023.10.10"]
[SourceVersion "1"]
[SourceVersionDate "2023.10.10"]
[SourceQuality "1"]

1. e4 c5 2. Nf3 d6 3. d4 cxd4 4. Nxd4 Nf6 5. Nc3 a6 6. Bg5 e6 7. f4 Be7 8. Qf3 h6 9. Bxf6 Bxf6 10. 0-0-0 Nd7 11. Bc4 Qc7 12. Bb3 Nc5 13. Kb1 Bd7 14. Rd2 0-0-0 15. Rhd1 b5 16. a3 Nxb3 17. cxb3 Kb8 18. b4 Qb6 19. Qe2 Bc8 20. Rd3 Bb7 21. Qd2 d5 22. e5 Be7 23. f5 exf5 24. Nxf5 Bg5 25. Qe1 d4 26. Nxd4 Qg6 27. Ka1 Bxg2 28. e6 Bb7 29. Qg3+ Ka8 30. Qc7 fxe6 31. Qb6 Qe8 32. Nxe6 Rxd3 33. Nc7+ Kb8 34. Nxa6+ Ka8 35. Nc7+ Kb8 36. Nxe8 Rxd1+ 37. Nxd1 Rxe8 38. Nc3 Bd2 39. Qd6+ 1-0

[Event "San Borja Nombre de Jesus II"]
[Site "San Borja"]
[Date "2015.06.18"]
[Round "6"]
[White "Tacuche, Fernando"]
[Black "Mostacero Velarde, Isabella Maribel"]
[Result "1-0"]
[WhiteElo "2023"]
[BlackElo "1678"]
[PlyCount "65"]
[EventDate "2015.06.12"]
[EventType "swiss"]
[EventRounds "7"]
[EventCountry "PER"]
[SourceTitle "EXT 2024"]
[Source "ChessBase"]
[SourceDate "2023.10.10"]
[SourceVersion "1"]
[SourceVersionDate "2023.10.10"]
[SourceQuality "1"]

1. e4 g6 2. d4 Bg7 3. Nc3 d6 4. f4 c6 5. Be3 Qc7 6. Nf3 Bg4 7. h3 Bxf3 8. Qxf3 e5 9. dxe5 dxe5 10. f5 Nf6 11. Bc4 Nbd7 12. g4 h6 13. h4 Nb6 14. Bd3 0-0-0 15. 0-0-0 Nfd7 16. fxg6 fxg6 17. Qf7 Nf8 18. Qb3 Rh7 19. Rhf1 Bh8 20. Rf2 Kb8 21. Rdf1 Nfd7 22. Qe6 Bg7 23. Qxg6 Nf8 24. Qh5 Nbd7 25. Rf7 Qd6 26. Qf5 b5 27. Qf2 a6 28. Rd1 Qe6 29. Be2 Bh8 30. Rdxd7 Rxd7 31. Rxf8+ Kb7 32. Ba7 c5 33. Qxc5 1-0

[Event "Lima Santisimo Nombre de Jesus 2"]
[Site "Lima"]
[Date "2014.04.26"]
[Round "1"]
[White "Fernandez, Roberto1111"]
[Black "Tacuche, Fernando"]
[Result "0-1"]
[WhiteElo "2021"]
[BlackElo "1486"]
[PlyCount "54"]
[EventDate "2014.04.26"]
[EventType "swiss"]
[EventRounds "8"]
[EventCountry "PER"]
[SourceTitle "EXT 2024"]
[Source "ChessBase"]
[SourceDate "2023.10.10"]
[SourceVersion "1"]
[SourceVersionDate "2023.10.10"]
[SourceQuality "1"]

1. e4 c5 2. Nf3 e6 3. d4 cxd4 4. Nxd4 a6 5. c4 Nf6 6. Bd3 Nc6 7. Nxc6 dxc6 8. 0-0 e5 9. f4 Bc5+ 10. Kh1 0-0 11. Bc2 Qxd1 12. Bxd1 Nxe4 13. Bc2 Nf2+ 14. Kg1 Nd3+ 15. Kh1 Nxc1 16. Nc3 exf4 17. Raxc1 Be6 18. b3 Be3 19. Rcd1 Rad8 20. h3 b5 21. cxb5 axb5 22. Ne4 h6 23. Kh2 f5 24. Nc3 g5 25. Rde1 Rd2 26. Bb1 b4 27. Ne2 Bd5 0-1

[Event "Lima IRT"]
[Site "Lima"]
[Date "2013.??.??"]
[Round "5"]
[White "Tacuche, Fernando"]
[Black "Bedoya Rosales, Luis"]
[Result "1/2-1/2"]
[WhiteElo "1971"]
[BlackElo "1970"]
[PlyCount "115"]
[EventDate "2013.10.13"]
[EventType "tourn"]
[EventRounds "11"]
[EventCountry "PER"]
[SourceTitle "EXT 2014"]
[Source "ChessBase"]
[SourceDate "2013.11.20"]
[SourceVersion "1"]
[SourceVersionDate "2013.11.20"]
[SourceQuality "1"]

1. e4 c5 2. Nf3 d6 3. d4 cxd4 4. Nxd4 Nf6 5. Nc3 g6 6. Be3 Bg7 7. f3 0-0 8. Qd2 Nc6 9. Bc4 Bd7 10. 0-0-0 Qa5 11. h4 Rfc8 12. Bb3 Ne5 13. h5 Nxh5 14. g4 Nf6 15. Kb1 Rxc3 16. Qxc3 Qxc3 17. bxc3 Rc8 18. Kb2 a5 19. a3 a4 20. Ba2 Nc4+ 21. Bxc4 Rxc4 22. Ne2 Nxe4 23. fxe4 Rxe4 24. Rd3 Bb5 25. Rh3 Bxd3 26. cxd3 Rxg4 27. Kc2 h5 28. d4 e5 29. dxe5 dxe5 30. Bc5 Rc4 31. Bb4 e4 32. Rh1 Be5 33. Kd2 h4 34. Ke3 g5 35. Rg1 f6 36. Nd4 h3 37. Kxe4 h2 38. Rf1 g4 39. Ke3 f5 40. Kf2 f4 41. Kg2 f3+ 42. Nxf3 gxf3+ 43. Rxf3 Rh4 44. Rf1 Kg7 45. Re1 b5 46. Rh1 Kf6 47. Ba5 Ke6 48. Rb1 Kd6 49. Kh1 Kc5 50. Re1 Bd6 51. Bb4+ Rxb4 52. cxb4+ Kc4 53. Re3 Bc7 54. Rh3 Be5 55. Rh4+ Kd3 56. Rh5 Kd4 57. Kg2 Ke4 58. Kh1 1/2-1/2

[Event "Lima IRT"]
[Site "Lima"]
[Date "2013.??.??"]
[Round "7"]
[White "Tacuche, Fernando"]
[Black "Pena Morales, Hugo"]
[Result "1/2-1/2"]
[WhiteElo "1971"]
[BlackElo "2136"]
[PlyCount "59"]
[EventDate "2013.10.13"]
[EventType "tourn"]
[EventRounds "11"]
[EventCountry "PER"]
[SourceTitle "EXT 2014"]
[Source "ChessBase"]
[SourceDate "2013.11.20"]
[SourceVersion "1"]
[SourceVersionDate "2013.11.20"]
[SourceQuality "1"]

1. e4 c5 2. Nf3 Nc6 3. d4 cxd4 4. Nxd4 g6 5. Nc3 Bg7 6. Be3 Nf6 7. Bc4 0-0 8. Bb3 a5 9. 0-0 a4 10. Nxa4 Nxe4 11. Nb5 d6 12. f3 Qa5 13. Qe2 Nc5 14. Nxc5 dxc5 15. Bxc5 Bxb2 16. Rad1 Be5 17. a4 Bb8 18. Qe3 Re8 19. Qh6 Rf8 20. Rfe1 Bf5 21. g4 Bd7 22. Rxe7 Nxe7 23. Bxe7 Be5 24. Qe3 Bxb5 25. Qxe5 Bc6 26. Qxa5 Rxa5 27. Bxf8 Kxf8 28. Kf2 h5 29. h3 hxg4 30. hxg4 1/2-1/2

[Event "Lima Santisimo Nombre de Jesus 3"]
[Site "Lima"]
[Date "2012.06.19"]
[Round "1"]
[White "Tacuche, Fernando"]
[Black "Romero Dongo, Maria Jose"]
[Result "1-0"]
[WhiteElo "1946"]
[BlackElo "1422"]
[PlyCount "101"]
[EventDate "2012.06.19"]
[EventType "swiss"]
[EventRounds "8"]
[EventCountry "PER"]
[SourceTitle "EXT 2024"]
[Source "ChessBase"]
[SourceDate "2023.10.10"]
[SourceVersion "1"]
[SourceVersionDate "2023.10.10"]
[SourceQuality "1"]

1. e4 e5 2. Nf3 Nf6 3. Nxe5 Nxe4 4. Qe2 d5 5. d3 Bb4+ 6. c3 Bd6 7. Nf3 Qe7 8. dxe4 Qxe4 9. Qxe4+ dxe4 10. Nd4 a6 11. Nd2 0-0 12. Nc4 Bc5 13. Be3 Re8 14. Nb3 Bxe3 15. Nxe3 Nc6 16. 0-0-0 Be6 17. Bc4 Bxc4 18. Nxc4 Red8 19. Rxd8+ Rxd8 20. Rd1 f5 21. Rxd8+ Nxd8 22. Kd2 Ne6 23. g3 g5 24. Nd4 Nc5 25. Nxf5 b5 26. Ne5 a5 27. Ke3 g4 28. b3 b4 29. cxb4 axb4 30. Kd4 Nd3 31. Nxd3 exd3 32. Kxd3 Kf7 33. Nh6+ Ke6 34. Nxg4 h5 35. Ne3 Ke5 36. f4+ Kd6 37. Kc4 c5 38. Nf5+ Ke6 39. Ng7+ Kd6 40. Nxh5 Kc6 41. Nf6 Kb6 42. h4 Kc6 43. h5 Kd6 44. h6 Ke7 45. h7 Kxf6 46. h8Q+ Ke7 47. Kxc5 Kd7 48. Qf6 Ke8 49. Qg7 Kd8 50. Kd6 Kc8 51. Qc7# 1-0

[Event "Lima Santisimo Nombre de Jesus 2"]
[Site "Lima"]
[Date "2012.05.12"]
[Round "1"]
[White "Fernandez, Roberto1111"]
[Black "Tacuche, Fernando"]
[Result "0-1"]
[WhiteElo "1556"]
[BlackElo "1946"]
[PlyCount "68"]
[EventDate "2012.05.12"]
[EventType "swiss"]
[EventRounds "8"]
[EventCountry "PER"]
[SourceTitle "EXT 2024"]
[Source "ChessBase"]
[SourceDate "2023.10.10"]
[SourceVersion "1"]
[SourceVersionDate "2023.10.10"]
[SourceQuality "1"]

1. e4 c5 2. Nf3 e6 3. c3 Nf6 4. Qc2 d5 5. exd5 exd5 6. d4 Be7 7. Be2 0-0 8. 0-0 Nc6 9. Be3 Ng4 10. Bd3 h6 11. Bf5 cxd4 12. Nxd4 Nxe3 13. fxe3 Bg5 14. Rf3 Ne5 15. Rh3 Nc4 16. e4 Be3+ 17. Kh1 Bxd4 18. cxd4 dxe4 19. Bxc8 Rxc8 20. Nc3 f5 21. Rd1 Qb6 22. Nd5 Qd6 23. Nc3 Kh8 24. Qf2 e3 25. Qe2 f4 26. b3 Nd2 27. Qd3 Rxc3 28. Qxc3 Ne4 29. Qe1 Nf2+ 30. Kg1 Nxh3+ 31. gxh3 Qg6+ 32. Kh1 Qe4+ 33. Kg1 Rf6 34. Kf1 Rg6 0-1